FC Girondins de Bordeaux... ou AS Saint-Etienne? - Statistiques

Statistiques générales
  • Ce quiz a été pris 2 112 fois
  • Le résultat moyen est 9 sur 15
Statistiques - réponses
Question Réponse % Correct
Zinédine Zidane y a joué FC Girondins de Bordeaux
98%
A été 10 fois Champion de France de Ligue 1 AS Saint-Etienne
94%
Son stade est surnommé "Le Chaudron" AS Saint-Etienne
94%
Michel Platini y a joué AS Saint-Etienne
76%
A participé au moins une fois à la Ligue des Champions au XXIe siècle FC Girondins de Bordeaux
66%
Possède un musée dans son stade AS Saint-Etienne
63%
Est descendu en Ligue 2 à l'issue de la saison 2021-2022 Les deux
59%
Détient le record du plus grand nombre de victoires à domicile sur une saison en Ligue 1 AS Saint-Etienne
56%
A ou aurait été créé au XIXe siècle FC Girondins de Bordeaux
53%
A été Champion de France au moins 2 années consécutives Les deux
50%
A déjà remporté la Coupe Intertoto FC Girondins de Bordeaux
49%
Aimé Jacquet en a été l'entraîneur FC Girondins de Bordeaux
47%
Son équipe féminine a déjà joué en Division 1 Les deux
44%
Est l'une des équipes composant l'affiche la plus jouée de Ligue 1 Les deux
25%
A perdu en finale d'une compétition européenne contre le Bayern Munich Les deux
19%
Aucun quiz correspondant
Distribution des résultats
% des personnes avec chaque résultat
Percentile par nombre de réponses
Votre historique - résultats
Vous n’avez pas pris ce quiz